Ces Deux-Là: Roman
Kaydedildi:
| Yazar: | |
|---|---|
| Materyal Türü: | Kitap |
| Dil: | Undetermined |
| Baskı/Yayın Bilgisi: |
París, Francia
Les éditions de Minuit
2000
|
| Konular: | |
| Etiketler: |
Etiketle
Etiket eklenmemiş, İlk siz ekleyin!
|
MARC
| LEADER | 00000nam a2200000Ia 4500 | ||
|---|---|---|---|
| 008 | 170316s9999 xx 000 0 und d | ||
| 040 | |a cru BVZT | ||
| 090 | |a 840 D-9.2c | ||
| 100 | |a Deville, Patrick | ||
| 245 | |a Ces Deux-Là: Roman | ||
| 260 | |a París, Francia | ||
| 260 | |b Les éditions de Minuit | ||
| 260 | |c 2000 | ||
| 300 | |a 157 páginas | ||
| 650 | |a LITERATURA FRANCESA | ||
| 650 | |a NOVELA | ||
| 999 | |c 7656 |d 7656 | ||
| 942 | |c 15 D |h 840 D-9.2c |2 z | ||
